000 00497nam a22001817a 4500
003 CEME
005 20210628210028.0
008 210210b xxu||||| |||| 00| 0 eng d
020 _a1-58053-047-8
040 _c.
082 _a004.64 CHE
100 _aCheah, Jonathon.Y. C
_977901
245 _aPractical wireless data modem design
260 _aBOSTON
_bARTECH HOUSE
_c1999
300 _a379P
650 _aMODEMS-COMPUTER AIDED DESIG WIRLESS COMMUNICATION SYSTEMS
_977902
942 _cBK
_2ddc
999 _c583086
_d583086